000
00222 a2200097 4500
001
45465
100
_a
Liefer M
245
_a
Indonesia s foreign policy
260
_a
London
_b
George Allen unwin
_c
090
_c
28628
_d
28628
942
_a
NUST-CAE
_c
M
_c
20700
999
_c
280538
_d
280538